书目信息 |
| 题名: |
蛋白质分子基础
|
|
| 作者: | 陶慰孙 编著 | |
| 分册: | ||
| 出版信息: | 北京 人民教育出版社 1981 |
|
| 页数: | 424页 | |
| 开本: | 25cm | |
| 丛书名: | ||
| 单 册: | ||
| 中图分类: | Q51 | |
| 科图分类: | ||
| 主题词: | 蛋白质 | |
| 电子资源: | ||
| ISBN: | ||
| 000 | 00617nam0 2200229 45 | |
| 001 | 0181005151 | |
| 005 | 20060419102624.64 | |
| 010 | @dCNY1.95 | |
| 091 | @b13021.0625 | |
| 100 | @a19950404d1981 em y0chiy0121 ea | |
| 101 | 0 | @achi |
| 102 | @aCN@b110000 | |
| 105 | @ay z 000yy | |
| 200 | 10 | @a蛋白质分子基础@Adan bai zhi fen zi ji chu@f陶慰孙等编著@Ftao wei sun deng bian zhu |
| 210 | @a北京@c人民教育出版社@d1981 | |
| 215 | @a424页@d25cm | |
| 606 | @a蛋白质 | |
| 690 | @aQ51@v4 | |
| 701 | 0 | @a陶慰孙@Atao wei sun@4编著 |
| 801 | 0 | @aCN@b上海图书馆@c20060419 |
| 801 | 2 | @aCN@bNLC@c20060331 |
| 905 | @dQ51@e38 | |
| 蛋白质分子基础/陶慰孙等编著.-北京:人民教育出版社,1981 |
| 424页;25cm |
| ISBN :CNY1.95 |
| ● |
| 相关链接 |
|
|
|
|
正题名:蛋白质分子基础
索取号:Q51/38
 
预约/预借
| 序号 | 登录号 | 条形码 | 馆藏地/架位号 | 状态 | 备注 |
| 1 | 0173187 | 000076107 | 第三借阅区/ [索取号:Q51/38] | 在馆 | |
| 2 | 0173188 | 202236482 | 密集书库/ [索取号:Q51/38] | 在馆 | |
| 3 | 0175307 | 000076152 | 第三借阅区/ [索取号:Q51/38] | 在馆 | |
| 4 | 0175308 | 202274038 | 密集书库/ [索取号:Q51/38] | 在馆 | |
| 5 | 0175309 | 000076090 | 第三借阅区/ [索取号:Q51/38] | 在馆 | |
| 6 | 0175310 | 202274957 | 密集书库/ [索取号:Q51/38] | 在馆 | |
| 7 | 0175311 | 202107843 | 第二样本阅览室/ [索取号:Q51/38] | 在馆 |